000 00276nam a22001337a 4500
008 170822b xxu||||| |||| 00| 0 eng d
020 _a9781592578641
041 _aeng
080 _a51
100 _a38
101 _amat
245 _aGEOMETRY PROBLEMS
942 _2udc
_cBK
999 _c24513
_d24513